00281nam a2200133Ia 45000030006000000080041000060400015000471000019000622450018000812500010000992600009001095460012001180050017001300STCL150530s9999 xx 000 0 und d aSTCLcSTCL aThimothy Green aWorld of gold aFirst c1968 aEnglish20220125165549.0